000 01538cam a2200373 i 4500
999 _c9122
_d9122
001 20656454
003 GBCCL
005 20241126110705.0
008 180813s2018 miu b 001 0 eng c
010 _a 2018038920
020 _a9780310206705 (hardcover)
020 _z9780310528555
_qebook
040 _aNcWfSB/DLC
_beng
_cNcWfSB
_erda
_dDLC
042 _apcc
050 0 0 _aBS1430.52
_b.T83 2018
082 0 0 _a220.77
_a223.206
_223
_bNIV
100 1 _aTucker, W. Dennis,
_cJr.,
_eauthor.
_915916
245 1 0 _aPsalms.
_nVolume 2 :
_bNIV Application commentary from bibical text ... to contemporary life / /
_cW. Dennis Tucker Jr. & Jamie A. Grant.
264 1 _aGrand Rapids, Michigan :
_bZondervan,
_c[2018]
300 _a1072 pages ;
_c24 cm
336 _atext
_2rdacontent
337 _aunmediated
_2rdamedia
338 _avolume
_2rdacarrier
490 1 _aThe NIV application commentary series
500 _aThis volume completes the commentary on the Psalms for the NIV series. Volume 1 of the Psalms was written by Gerald Wilson, published in 2002.
504 _aIncludes bibliographical references and indexes.
630 0 0 _aBible.
_pPsalms
_xCriticism, interpretation, etc.
_92721
700 1 _aGrant, Jamie A.,
_eauthor.
_915917
700 1 _aWilson, Gerald Henry.
_tPsalms. Volume 1.
_915918
830 0 _aNIV application commentary.
_91769
906 _a7
_bcbc
_corignew
_d1
_eecip
_f20
_gy-gencatlg
942 _2ddc
_cREF